Statistics for Most Guessed Names of Popes

Click here to take the quiz!

General Stats

  • This quiz has been taken 115 times
  • The average score is 12 of 20

Answer Stats

%yearname% Correct
971963John
93%
932014Francis
89%
891978Paul
87%
892013Benedict
86%
691958Pius
80%
862005John Paul
79%
501724Innocent
75%
8164Peter
75%
491903Leo
73%
451846Gregory
62%
371775Clement
57%
401667Alexander
53%
471644Urban
53%
281590Sixtus
42%
48337Mark
40%
351058Stephen
40%
251404Boniface
36%
301555Julius
29%
2076Linus
27%
201431Martin
26%

Score Distribution

Percentile by Number Answered

Percent of People with Each Score

Your Score History

You have not taken this quiz